000 00268nam a2200097Ia 4500
082 _aJ 523.112 JEFF
245 0 _aGalaxies : immense star islands
100 _a JEFFERIS, David New York, 2009
_994750
942 _cBK
008 210817s9999 xx 000 0 und d
999 _c388575
_d388574